Teletrabajo y derecho internacional privado : problemas y soluciones /

Guardat en:
Dades bibliogràfiques
Altres autors: Ortega Giménez, Alfonso (Director), Heredia Sánchez, Lerdys Saray (coordinador.)
Format: eBook
Idioma:espanyol
Publicat: Cizur Menor (Navarra) : Aranzadi, 2023.
Col·lecció:Estudios.
Matèries:
Accés en línia:https://elibro.unach.elogim.com/es/lc/unach/titulos/289753
Etiquetes: Afegir etiqueta
Sense etiquetes, Sigues el primer a etiquetar aquest registre!

MARC

LEADER 00000nam a2200000 i 4500
001 ELB289753
003 FINmELB
005 20251222113947.0
006 m o u
007 cr cn|||||||||
008 251222s2023 sp ob 000 0 spa d
020 |a 9788411240413  |q (e-book) 
035 |a (OCoLC)1564682163 
040 |a FINmELB  |b spa  |e rda  |c FINmELB 
050 1 4 |a K7040  |b T269 2023 
080 |a 341.9 
082 0 4 |a 340.9  |2 23 
245 0 0 |a Teletrabajo y derecho internacional privado :  |b problemas y soluciones /  |c Alfonso Ortega Giménez, director ; Lerdys Saray Heredia Sánchez, coordinadora ; autores, Alfonso Ortega Giménez [y otros 10]. 
264 1 |a Cizur Menor (Navarra) :  |b Aranzadi,  |c 2023. 
300 |a 1 recurso en línea (379 páginas) 
336 |a texto  |b txt  |2 rdamedia/spa 
337 |a computadora  |b c  |2 rdamedia/spa 
338 |a recurso en línea  |b cr  |2 rdacarrier/spa 
490 1 |a Estudios 
504 |a Contiene bibliografía. 
588 |a Descripción basada en metadatos suministrados por el editor y otras fuentes. 
590 |a Recurso electrónico. Santa Fe, Arg.: elibro, 2025. Disponible vía World Wide Web. El acceso puede estar limitado para las bibliotecas afiliadas a elibro. 
650 4 |a Derecho internacional privado. 
650 4 |a Teletrabajo. 
655 4 |a Libros electrónicos. 
700 1 |a Ortega Giménez, Alfonso,  |e director. 
700 1 |a Heredia Sánchez, Lerdys Saray,  |e coordinador. 
797 2 |a elibro, Corp. 
830 0 |a Estudios. 
856 4 0 |u https://elibro.unach.elogim.com/es/lc/unach/titulos/289753